000 00901nam0a22002771 4500
001 rc\4338612
005 20220428164214.0
021 _aRU
_b[65-32977]
035 _a(NLR Aleph) 008522249
090 _a8235839
_c8235839
100 _a20130416d1965 |||y0rusy50 ca
101 0 _arus
102 _aRU
105 _ay z |||||
200 1 _aМикроэлементы в животноводстве
210 _aТашкент
_cУзбекистан
_d1965
215 _a26 с.
_d16
606 _aМикроэлементы
_xКормовое использование
_2psbo
700 1 _aЕгоров
_bЕ. А.
_cканд. биол. наук, биохимия
_gЕвгений Александрович
_3RU\NLR\AUTH\770241971
701 1 _aРиш
_bМ. А.
801 0 _aRU
_bNLR
_gpsbo
801 1 _aRU
_bELAR
_2rusmarc
852 _aNLR
_j65-2/965
942 _cBOOK
980 _aNB